<?xml version="1.0" encoding="UTF-8"?>
<record
    xmlns:xsi="http://www.w3.org/2001/XMLSchema-instance"
    xsi:schemaLocation="http://www.loc.gov/MARC21/slim http://www.loc.gov/standards/marcxml/schema/MARC21slim.xsd"
    xmlns="http://www.loc.gov/MARC21/slim">

  <leader>01011cam a2200289 a 4500</leader>
  <controlfield tag="001">17180282</controlfield>
  <controlfield tag="005">20201124142229.0</controlfield>
  <controlfield tag="008">120224t2013    xxuad  erb    001 0 eng d</controlfield>
  <datafield tag="010" ind1=" " ind2=" ">
    <subfield code="a">2012005833</subfield>
  </datafield>
  <datafield tag="020" ind1=" " ind2=" ">
    <subfield code="a">9780470891278 (cloth : v. 10)</subfield>
  </datafield>
  <datafield tag="040" ind1=" " ind2=" ">
    <subfield code="a">DLC</subfield>
    <subfield code="c">DLC</subfield>
    <subfield code="d">DLC</subfield>
    <subfield code="d">EG-ScBUE</subfield>
  </datafield>
  <datafield tag="082" ind1="0" ind2="0">
    <subfield code="a">150</subfield>
    <subfield code="2">22</subfield>
    <subfield code="b">PSY</subfield>
  </datafield>
  <datafield tag="245" ind1="0" ind2="0">
    <subfield code="a">Handbook of psychology /</subfield>
    <subfield code="c">editor-in-chief rving B. Weiner.</subfield>
  </datafield>
  <datafield tag="250" ind1=" " ind2=" ">
    <subfield code="a">2nd ed.</subfield>
  </datafield>
  <datafield tag="260" ind1=" " ind2=" ">
    <subfield code="a">Hoboken, United States :</subfield>
    <subfield code="b">John Wiley &amp; Sons, Inc.,</subfield>
    <subfield code="c">c.2013.</subfield>
  </datafield>
  <datafield tag="300" ind1=" " ind2=" ">
    <subfield code="a">1 v. :</subfield>
    <subfield code="b">chart, tables ;</subfield>
    <subfield code="c">29 cm.</subfield>
  </datafield>
  <datafield tag="500" ind1=" " ind2=" ">
    <subfield code="a">Includes indexes.</subfield>
  </datafield>
  <datafield tag="504" ind1=" " ind2=" ">
    <subfield code="a">Includes bibliographical references.</subfield>
  </datafield>
  <datafield tag="505" ind1="2" ind2=" ">
    <subfield code="a">Content : v. 10. Assessment psychology / volume editors, John R. Graham and Jack A. Naglieri .</subfield>
  </datafield>
  <datafield tag="590" ind1=" " ind2=" ">
    <subfield code="a">Library contain : Vol 10.</subfield>
  </datafield>
  <datafield tag="653" ind1=" " ind2=" ">
    <subfield code="b">PPhrm</subfield>
    <subfield code="c">October2014</subfield>
  </datafield>
  <datafield tag="655" ind1=" " ind2=" ">
    <subfield code="v">reading book</subfield>
    <subfield code="9">34232</subfield>
  </datafield>
  <datafield tag="700" ind1="1" ind2=" ">
    <subfield code="a">Weiner, Irving B.</subfield>
    <subfield code="e">editor.</subfield>
    <subfield code="9">36339</subfield>
  </datafield>
  <datafield tag="700" ind1="1" ind2=" ">
    <subfield code="a">Graham, John R.</subfield>
    <subfield code="e">editor.</subfield>
    <subfield code="9">36340</subfield>
  </datafield>
  <datafield tag="700" ind1="1" ind2=" ">
    <subfield code="a">Naglieri, Jack A.</subfield>
    <subfield code="e">editor.</subfield>
    <subfield code="9">36341</subfield>
  </datafield>
  <datafield tag="942" ind1=" " ind2=" ">
    <subfield code="2">ddc</subfield>
    <subfield code="k">150 PSY</subfield>
  </datafield>
  <datafield tag="999" ind1=" " ind2=" ">
    <subfield code="c">18503</subfield>
    <subfield code="d">18475</subfield>
  </datafield>
  <datafield tag="952" ind1=" " ind2=" ">
    <subfield code="0">0</subfield>
    <subfield code="1">0</subfield>
    <subfield code="2">ddc</subfield>
    <subfield code="4">0</subfield>
    <subfield code="7">0</subfield>
    <subfield code="8">Baccah</subfield>
    <subfield code="a">MAIN</subfield>
    <subfield code="b">MAIN</subfield>
    <subfield code="c">0TH</subfield>
    <subfield code="d">2014-10-27</subfield>
    <subfield code="e">purchase</subfield>
    <subfield code="g">990.00</subfield>
    <subfield code="l">0</subfield>
    <subfield code="o">150 PSY</subfield>
    <subfield code="p">000036813</subfield>
    <subfield code="r">2025-07-15 00:00:00</subfield>
    <subfield code="v">1237.50</subfield>
    <subfield code="y">REFERENCE</subfield>
  </datafield>
  <datafield tag="952" ind1=" " ind2=" ">
    <subfield code="0">0</subfield>
    <subfield code="1">0</subfield>
    <subfield code="2">ddc</subfield>
    <subfield code="4">0</subfield>
    <subfield code="7">0</subfield>
    <subfield code="8">Baccah</subfield>
    <subfield code="a">MAIN</subfield>
    <subfield code="b">MAIN</subfield>
    <subfield code="c">0TH</subfield>
    <subfield code="d">2014-10-27</subfield>
    <subfield code="e">purchase</subfield>
    <subfield code="g">990.00</subfield>
    <subfield code="l">0</subfield>
    <subfield code="o">150 PSY</subfield>
    <subfield code="p">000036814</subfield>
    <subfield code="r">2025-07-15 00:00:00</subfield>
    <subfield code="v">1237.50</subfield>
    <subfield code="y">REFERENCE</subfield>
  </datafield>
  <datafield tag="952" ind1=" " ind2=" ">
    <subfield code="0">0</subfield>
    <subfield code="1">0</subfield>
    <subfield code="2">ddc</subfield>
    <subfield code="4">0</subfield>
    <subfield code="7">0</subfield>
    <subfield code="8">Baccah</subfield>
    <subfield code="a">MAIN</subfield>
    <subfield code="b">MAIN</subfield>
    <subfield code="c">0TH</subfield>
    <subfield code="d">2014-10-27</subfield>
    <subfield code="e">purchase</subfield>
    <subfield code="g">990.00</subfield>
    <subfield code="l">0</subfield>
    <subfield code="o">150 PSY</subfield>
    <subfield code="p">000036815</subfield>
    <subfield code="r">2025-07-15 00:00:00</subfield>
    <subfield code="v">1237.50</subfield>
    <subfield code="y">REFERENCE</subfield>
  </datafield>
</record>
